[Event "49th Rilton Cup 2019-20"]
[Site "Stockholm"]
[Date "2020.01.03"]
[Round "7.22"]
[White "Chan, Kim Yew"]
[Black "Schekachikhin, Maksim"]
[Result "0-1"]
[WhiteElo "2245"]
[BlackElo "2389"]
[Annotator "TA"]
[PlyCount "92"]
[EventDate "2019.12.27"]
[EventType "swiss"]
[EventCountry "SWE"]
[SourceTitle "playchess.com"]
[Source "ChessBase"]
[SourceQuality "1"]

{[%evp 12,92,25,13,37,12,51,47,51,52,62,50,50,50,53,53,35,46,52,58,57,12,21,12,25,34,29,19,44,16,11,-11,-19,-16,0,-16,0,-10,0,0,0,0,0,0,0,0,0,-77,-27,-79,-79,-79,-79,-79,-79,-79,-79,-79,-79,-79,-78,-79,-79,-79,-79,-267,-254,-5683,-5319,-1822,-5616,-4594,-29958,-29969,-29972,-29973,-29972,-29972,-29968,-29982,-29981,-29985,-29984]} 1. Nf3 Nf6 2. g3 d5 3. Bg2 c5 4. O-O e6 5. d4 cxd4 6. Nxd4 e5 7. Nb3 Be7 {D02: 1 d4 d5 2 Nf3 sidelines, including 2...Nf6 3 g3 and 2...Nf6 3 Bf4} 8. Bg5 (8. c4 $5) (8. Qd3 Nc6 9. Rd1 Be6 10. Bg5 e4 11. Qb5 a6 12. Qxb7 Nb4 13. Bxf6 gxf6 14. Bxe4 Rb8 15. Qa7 {½-½ (38) Aronian,L (2765)-Nakamura,H (2746) Kolkata 2018}) 8... e4 9. c4 dxc4 {White is slightly better.} 10. Qxd8+ Bxd8 11. N3d2 Be6 12. Nc3 {[%cal Bb1c3,Bc3e4,Be4g5][%mdl 32]} Nc6 $146 ({Predecessor:} 12... Nbd7 13. Ndxe4 Nxe4 14. Nxe4 O-O 15. Bf4 Be7 16. Bd6 Rae8 {½-½ (16) Krings,C (2121)-Montignies,R (2251) Germany 2013}) 13. Ndxe4 Nxe4 14. Nxe4 Bxg5 15. Nxg5 Rc8 16. Rfd1 Ke7 $1 17. Rac1 b5 18. a4 a6 19. axb5 axb5 20. Nxe6 (20. Ra1 {keeps more tension.} Rhd8 21. Rxd8 Nxd8 22. Ra7+ Bd7 23. Bh3) 20... fxe6 21. Bxc6 Rxc6 $11 {[%mdl 4096] Endgame KRR-KRR} 22. Ra1 Rhc8 23. Kf1 R8c7 24. e3 Rd6 25. Ke2 Rcd7 26. Rxd6 Kxd6 {KR-KR} 27. Ra6+ Kc5 28. Rxe6 Kb4 29. Rb6 (29. Ra6 $11) 29... Ra7 {[%mdl 1024] Threatens to win with ...Ra2. Black has strong compensation.} (29... Rd3 $5 {[%cal Rd3b3]} 30. e4 Rb3 $11) 30. Kd2 (30. e4 $1 $11) 30... Ra2 $17 31. Kc1 {[#]} Ra1+ $1 32. Kc2 Rf1 33. f4 Rf2+ 34. Kc1 Rxh2 35. e4 Rg2 36. e5 Rxg3 37. Rb7 h5 {[#] aiming for ...h4.} 38. f5 $2 (38. Kd2 $17 {is a better defense.}) 38... h4 $19 39. f6 $2 (39. Rb8 h3 40. Rh8) 39... gxf6 40. exf6 Rf3 41. Rh7 Kb3 42. Rh5 {Black mates.} b4 43. Rxh4 Rf1+ 44. Kd2 Rxf6 45. Rd4 Rf2+ 46. Kc1 Rc2+ {Accuracy: White = 38%, Black = 61%.} 0-1

[Event "49th Rilton Cup 2019-20"]
[Site "Stockholm"]
[Date "2020.01.03"]
[Round "7.23"]
[White "Percivaldi, Martin"]
[Black "Acikel, Mert"]
[Result "1-0"]
[WhiteElo "2386"]
[BlackElo "2094"]
[Annotator "NA"]
[PlyCount "61"]
[EventDate "2019.12.27"]
[EventType "swiss"]
[EventCountry "SWE"]
[SourceTitle "playchess.com"]
[Source "ChessBase"]
[SourceQuality "1"]
[TimeControl "40/5400+30:1800+30"]

1. Nf3 {[%emt 0:00:39]} d5 {[%emt 0:00:00]} 2. g3 {[%emt 0:00:56]} Nf6 {[%emt 0:00:30]} 3. Bg2 {[%emt 0:00:30]} e6 {[%emt 0:00:30]} 4. c4 {[%emt 0:00:54]} Be7 {[%emt 0:00:30]} 5. O-O {[%emt 0:00:30]} O-O {[%emt 0:00:30]} 6. d4 {[%emt 0:00:30]} c6 {[%emt 0:00:30]} 7. Nc3 {[%emt 0:00:34]} Nbd7 {[%emt 0:00:30]} 8. Qd3 {[%emt 0:00:30]} b6 {[%emt 0:01:30]} 9. e4 {[%emt 0:00:30]} dxc4 {[%emt 0:00:55]} 10. Qxc4 {[%emt 0:01:33]} Bb7 {[%emt 0:00:30]} 11. Rd1 {[%emt 0:01:34]} a6 {[%emt 0:07:33]} 12. Qe2 {[%emt 0:04:12]} b5 {[%emt 0:10:38]} 13. a3 {[%emt 0:05:20]} a5 {[%emt 0:20:13]} 14. e5 {[%emt 0:04:10]} Ne8 {[%emt 0:04:15]} 15. Ne4 {[%emt 0:01:05]} Nc7 {[%emt 0:04:06]} 16. Bg5 {[%emt 0:04:31]} c5 {[%emt 0:04:38]} 17. dxc5 {[%emt 0:03:43]} Bxe4 {[%emt 0:07:04]} 18. Qxe4 {[%emt 0:00:57]} Nd5 {[%emt 0:00:30]} 19. Bxe7 {[%emt 0:08:55]} Qxe7 {[%emt 0:00:30]} 20. b4 {[%emt 0:03:05]} Nc3 {[%emt 0:02:35]} 21. Qb7 {[%emt 0:00:30]} Nxd1 {[%emt 0:05:13]} 22. Rxd1 {[%emt 0:00:30]} axb4 {[%emt 0:05:45]} 23. axb4 {[%emt 0:02:10]} Rfd8 {[%emt 0:00:48]} 24. Nd4 {[%emt 0:02:21]} Qf8 {[%emt 0:02:23]} 25. Qxb5 {[%emt 0:02:53]} Rab8 {[%emt 0:00:41]} 26. Qe2 {[%emt 0:08:15]} Nxc5 {[%emt 0:00:56]} 27. bxc5 {[%emt 0:00:41]} Qxc5 {[%emt 0:00:30]} 28. Nc6 {[%emt 0:00:30]} Rxd1+ {[%emt 0:00:30]} 29. Qxd1 {[%emt 0:00:30]} Rc8 {[%emt 0:01:32]} 30. Be4 {[%emt 0:01:04]} f5 {[%emt 0:02:57]} 31. Qd7 {[%emt 0:01:08]} 1-0

[Event "49th Rilton Cup 2019-20"]
[Site "Stockholm"]
[Date "2020.01.03"]
[Round "7.24"]
[White "Pavlovic, Milos"]
[Black "Abdrlauf, Elham"]
[Result "1-0"]
[WhiteElo "2480"]
[BlackElo "2328"]
[Annotator "TA"]
[PlyCount "99"]
[EventDate "2019.12.27"]
[EventType "swiss"]
[EventCountry "SWE"]
[SourceTitle "playchess.com"]
[Source "ChessBase"]
[SourceQuality "1"]

{[%evp 16,98,51,63,81,75,95,91,100,55,100,82,84,85,125,122,114,121,147,128,183,183,185,184,180,164,417,310,297,288,420,435,713,519,488,327,320,326,470,462,444,430,442,368,383,370,365,352,318,349,452,474,619,610,595,551,5151,5050,5097,2734,1571,964,956,922,804,627,604,592,556,405,376,271,251,133,128,125,96,52,54,54,54,59,29978,29979,29998]} 1. d4 Nf6 2. Nf3 g6 3. c4 Bg7 4. Nc3 O-O 5. e4 d6 6. Be2 Qe8 7. O-O e5 8. d5 Na6 9. Nd2 Nd7 {E94: King's Indian: Classical: 6 Be2 e5 7 0-0: Various Black 7th moves} 10. Rb1 f5 11. b4 Nf6 {White is better.} 12. Qc2 $146 ({Predecessor:} 12. Ba3 Rf7 13. c5 Bf8 14. cxd6 cxd6 15. b5 Nb8 16. Nc4 Qd8 17. exf5 Bxf5 {1-0 (70) Damljanovic,B (2548)-Kizov,A (2344) Stip 2002}) 12... Bh6 13. exf5 gxf5 14. c5 dxc5 15. Bxa6 bxa6 16. bxc5 Qh5 17. Qd1 Qe8 (17... Bg7 $16 {might work better.}) 18. Nc4 $18 Bg7 19. Rb3 Kh8 20. Re1 Nh5 $2 (20... e4 21. Bf4 Qf7) 21. d6 {aiming for Nd5.} Be6 22. Nd5 cxd6 (22... Bxd5 $142 23. Qxd5 Nf6 24. Qxe5 Qa4) 23. Nxd6 Qc6 (23... Qg6 $142 24. Rb7 f4) 24. Qxh5 {Hoping for Rh3.} Bxd5 25. Rh3 {[%csl Gh3][%cal Rh5h7]} Bg8 26. Nxf5 Qf6 (26... Qxc5 $142 27. Rf1 Rab8) 27. g4 Qf7 28. Qh4 Bf6 29. Bg5 Qg6 30. Bxf6+ Rxf6 31. Rxe5 Be6 {[%cal Re6f5]} 32. Rg3 Bxa2 33. Re7 {Threatening mate with Rxh7+!} Rf7 34. Rxf7 Bxf7 35. h3 a5 36. Rd3 {Rd8+ would kill now.} Re8 37. Rd8 h5 38. Rd6 Re6 39. Qd8+ Kh7 40. Kh2 a4 {Now ...a3 and Black clings on.} 41. Rd7 a3 {and the idea ...a2 leaves Black hopeful.} 42. Rxa7 {Threatens to win with Nd6.} Ra6 43. Rxa6 Qxa6 {[#]} 44. Qd4 ({White has to play} 44. Qb6 $1 $18 {[%cal Rb6a6]} Qxb6 45. cxb6) 44... Qg6 $16 {[#]} 45. c6 $1 a2 (45... Qxc6 46. Qg7#) 46. c7 Be6 47. Qe5 Qf7 $1 48. Kg2 {f3 is the strong threat.} Qd7 $2 {[%mdl 8192]} (48... Bd7 $14 49. Kg3 Qb3+ 50. Ne3 Qf7) 49. c8=Q $1 Qf7 {Accuracy: White = 69%, Black = 48%.} 50. Qeh8+ 1-0

[Event "49th Rilton Cup 2019-20"]
[Site "Stockholm"]
[Date "2020.01.04"]
[Round "8.1"]
[White "Kollars, Dmitrij"]
[Black "Moradiabadi, Elshan"]
[Result "0-1"]
[WhiteElo "2584"]
[BlackElo "2539"]
[Annotator "TA"]
[PlyCount "104"]
[EventDate "2019.12.27"]
[EventType "swiss"]
[EventCountry "SWE"]
[SourceTitle "playchess.com"]
[Source "ChessBase"]
[SourceQuality "1"]

{[%evp 9,118,47,30,21,26,13,22,12,20,2,2,3,0,4,19,0,13,4,23,28,23,33,34,38,29,35,112,110,117,63,60,58,63,52,60,53,54,52,79,63,74,42,32,30,36,33,37,30,34,39,38,50,72,51,75,0,0,0,180,51,75,39,34,-125,-120,-121,48,0,22,0,0,-13,-25,-28,-31,-165,-166,-164,-140,-321,-328,-509,-495,-466,-501,-506,-496,-388,0,-260,0,-461,-458,-513,-502,-500,-504,-489,-478,-587,-579,-627,-461,-468,-440,-921,-910,-1029,-1047,-5226,-5226]} 1. e4 d6 2. d4 Nf6 3. Nc3 g6 4. Bf4 Nc6 5. Nf3 Bg7 6. d5 {B08: Pirc Defence: Classical System} (6. Qd2 Bg4 7. Be2 O-O 8. d5 Bxf3 9. Bxf3 Ne5 10. Bxe5 dxe5 11. Qd3 Re8 12. Rd1 Qd6 13. O-O a6 14. a3 e6 15. Qc4 exd5 16. Nxd5 Nxd5 17. Rxd5 {1-0 (51) Vitiugov,N (2726)-Saric,I (2652) Tallinn 2016}) 6... Nb8 {[%cal Bc6b8,Bb8d7,Bd7e5][%mdl 32]} 7. Bc4 O-O 8. O-O {The position is equal.} c6 9. a4 $146 ({Predecessor:} 9. a3 Bg4 10. h3 Bxf3 11. Qxf3 Nbd7 12. dxc6 bxc6 13. Qe3 d5 14. exd5 Nb6 15. Bb3 Nfxd5 16. Nxd5 Nxd5 17. Bxd5 cxd5 18. Bh6 d4 {½-½ (18) Plank,F (2247)-Sulyok,M (2278) Austria 2001}) 9... Bg4 10. h3 Bxf3 11. Qxf3 Nbd7 12. a5 Nh5 13. Bg5 b5 (13... Ne5 $5 14. Qe2 $8 b5 $14) 14. axb6 (14. dxc6 $2 Ne5 $19) 14... Ne5 15. Qe2 Qxb6 16. Na4 $1 {[%cal Ra4b6]} Qd4 {And now ...Ng3 would win.} 17. Ba6 {Black must now prevent c3.} cxd5 {[#]} (17... Ng3 $1 $14 18. Qd1 Qxd1 19. Rfxd1 Nxe4) 18. Rfd1 $1 $16 {[%cal Rd1d4]} Qb4 19. c3 (19. Nc3 $16 Nf6 20. Nxd5 Nxd5 21. c3 (21. exd5 Qxb2 22. Bxe7 Rfe8 $14)) 19... Qb8 $14 20. Bxe7 Re8 21. Bg5 h6 22. Bc1 dxe4 23. Qxe4 Nf6 24. Qb7 Qd8 25. Qb4 Rb8 26. Qd4 Nc6 27. Qd3 Ne5 28. Qc2 Qc7 29. Be3 Qc6 30. Bf1 Re7 31. Qd2 d5 32. Bxh6 ({Better is} 32. Nc5 $16) 32... Ne4 $11 33. Qf4 Bf6 $2 (33... Bxh6 $11 {and Black has nothing to worry.} 34. Qxh6 Qf6) 34. h4 ({White should play} 34. f3 $18 g5 35. Qc1) 34... Nd7 $14 35. c4 Be5 36. cxd5 $2 {[#]} (36. Qf3 $14 {keeps the upper hand.}) 36... Qd6 $1 $17 37. Qf3 {Hoping for Nc3.} Rb3 $2 (37... Bh2+ $17 38. Kh1 Rb4) 38. Bd3 (38. Nc3 $5 Nxc3 39. bxc3 Rxc3 40. Ra6 Bh2+ 41. Kh1 Rxf3 42. Rxd6 Bxd6 43. gxf3 $16) 38... Bd4 39. Be3 (39. Bf4 {seems wilder.} Qb4 40. d6 Re6 41. Be3 Bxe3 42. fxe3 Nxd6 43. Qf4) 39... Bxe3 40. Qxe3 (40. Bxe4 Ne5 $17) 40... Nc3 {[%mdl 64] Double Attack} 41. Qxe7 $1 Qxe7 42. Nxc3 (42. bxc3 $15 Qxh4 43. Bc2) 42... Rxb2 $19 43. h5 Ne5 {aiming for ...Qh4.} ({But not} 43... gxh5 44. d6 $15) 44. Be2 $2 (44. Na4 $17 Rxf2 45. Kxf2 Nxd3+ 46. Rxd3 Qf6+ {[%mdl 64] Double Attack} 47. Ke3 Qe5+ 48. Kf3 Qf6+ 49. Ke3 Qe5+ 50. Kd2 Qxa1 51. Nc3 Qb2+ 52. Ke3) 44... Qb4 45. Rac1 (45. Rdc1 {was called for.} Qd4 46. Ra4) 45... Qh4 46. f3 gxh5 47. d6 {intending d7.} Qg5 48. Kf2 Qh4+ $40 {[%mdl 128] Black is up to no good.} 49. Kg1 $1 {Now d7 and White clings on.} Qg5 $2 (49... Qf4 50. Nd5 Qh6) 50. Kf2 $1 Qf4 {Black is clearly winning.} 51. d7 {[#]} Nxd7 $1 {[%mdl 512]} 52. g3 (52. Rxd7 Qxc1) 52... Qh6 {Played: Qf4-f5} 0-1

[Event "49th Rilton Cup 2019-20"]
[Site "Stockholm"]
[Date "2020.01.04"]
[Round "8.2"]
[White "Volkov, Sergey"]
[Black "Nesterov, Arseniy"]
[Result "1/2-1/2"]
[WhiteElo "2578"]
[BlackElo "2482"]
[Annotator "TA"]
[PlyCount "251"]
[EventDate "2019.12.27"]
[EventType "swiss"]
[EventCountry "SWE"]
[SourceTitle "playchess.com"]
[Source "ChessBase"]
[SourceQuality "1"]

{[%evp 21,251,-19,11,2,37,0,72,52,56,48,66,47,58,14,20,0,0,0,0,-4,139,115,159,154,165,153,152,147,150,152,140,141,145,145,179,175,159,151,175,175,175,175,175,175,175,170,170,170,170,170,170,152,230,229,218,175,175,175,195,87,87,87,109,108,109,109,135,88,87,88,195,151,147,143,158,145,138,155,128,20,20,20,28,24,43,20,28,28,28,28,43,28,43,43,43,43,73,73,73,73,73,72,79,43,52,0,79,79,79,79,79,79,79,79,79,79,79,79,79,79,79,73,79,79,79,79,79,0,79,72,72,72,79,79,79,79,79,73,73,72,73,73,73,73,73,73,73,73,73,73,73,73,73,73,73,72,72,67,73,72,72,23,23,23,23,23,23,23,23,23,23,16,16,16,16,16,16,16,27,0,0,0,0,0,0,0,0,0,0,0,0,0,0,0,0,0,0,0,8,0,0,0,0,0,0,0,0,0,0,0,0,0,8,0,0,0,0,0,0,0,0,0,0,0,0,0,0,0,0,0,0,0]} 1. d4 Nf6 2. c4 e6 3. Nf3 d5 4. Nc3 dxc4 5. e3 a6 6. a4 c5 7. Bxc4 cxd4 8. exd4 Be7 9. O-O O-O 10. Bf4 Nc6 11. Re1 Nb4 12. Ne5 {D26: Queen's Gambit Accepted: 4 e3 e6 5 Bxc5 c5 sidelines} (12. Rc1 b6 13. Ne5 Bb7 14. Nxf7 Rxf7 15. Bxe6 Kf8 16. Be5 Bd6 17. Bxf7 Kxf7 18. Qb3+ Kf8 19. Bxd6+ Qxd6 {1-0 (44) Bacrot,E (2722)-Tan,J (2466) chess.com INT 2018}) 12... Bd7 (12... Nfd5 $5 {[%cal Rd5f4]} 13. Bg3 Bd7 $14) 13. Qb3 Bc6 $146 (13... Be8 $11) ({Predecessor:} 13... Nc6 14. Qxb7 Nxe5 15. dxe5 Nh5 16. Rad1 Rb8 17. Qxd7 Nxf4 18. Qa7 Qe8 19. Qd4 Ng6 20. Bxa6 Rxb2 {0-1 (53) Kaasen,T (2442)-Pantzar,M (2257) Stockholm 2017}) 14. Nxf7 $1 $16 {[%mdl 64] Remove Defender. White is better.} (14. Nxc6 $6 Nxc6 15. Rad1 (15. Qxb7 $2 Na5 $19 {[%mdl 64] Double Attack}) 15... Na5 $11) 14... Rxf7 (14... Qxd4 $2 15. Be3 $18) 15. Bxe6 Be8 16. Be5 {[%mdl 1024] White has compensation.} Kf8 17. Re3 a5 18. Rae1 Ra6 {White should prevent ...Rxe6!} 19. d5 Bd6 $1 20. Bd4 Rc7 (20... Re7 $1 $11) 21. Nb5 $1 Bxb5 22. axb5 Ra8 23. b6 $1 {[%cal Rb6c7]} Re7 {Black wants to play ...Nbxd5!} 24. Rf3 Nbxd5 25. Qxd5 Bxh2+ 26. Kf1 Qxd5 27. Bxd5 Rxe1+ 28. Kxe1 Rd8 29. Bxf6 (29. Bc5+ Bd6 $17) 29... gxf6 30. Rxf6+ {[%mdl 4096] Endgame KRB-KRB} (30. Bxb7 $6 Rb8 $14) 30... Kg7 31. Rf7+ Kg6 32. Ba2 Bd6 33. Rxb7 Bb4+ 34. Ke2 Rd2+ 35. Kf3 {Threatens to win with Rc7.} Rxb2 36. Rc7 Be1 (36... Bd6 $16 {was called for.}) 37. b7 $1 $18 {And now Bd5 would win.} Rxf2+ 38. Ke3 Rb2 39. Bd5 Bg3 40. Be4+ (40. Rc6+ $1 $18 {has better winning chances.} Kg7 41. Kf3) 40... Kf6 $16 41. Rxh7 a4 42. Rh6+ Ke7 43. Ra6 Rb3+ 44. Kd4 Rb4+ 45. Kd3 Bd6 (45... Kd7 $16 {was worth a try.}) 46. g4 a3 47. g5 Rb3+ 48. Kc4 Rb4+ 49. Kc3 a2 {[#]} 50. Bd5 (50. Kd3 $1 $16 Rb3+ 51. Kc2) 50... Rxb7 $1 $11 51. Rxa2 Be5+ 52. Kd3 Rb1 53. Ra6 {Hoping for Re6+.} Kf8 54. Ke4 Re1+ 55. Kf5 Bd4 56. Be4 Kg7 57. Rd6 Rf1+ 58. Ke6 Be3 59. Rd7+ Kf8 60. g6 Bh6 61. Bf5 Rg1 62. Bd3 Rc1 63. Be4 (63. Ke5 $14) 63... Re1 {[#]} (63... Rf1 $11 {keeps the balance.}) 64. g7+ $1 $16 {[%mdl 512]} Kg8 {[#]} (64... Bxg7 65. Rd8#) 65. Kf6 $1 {[%cal Rd7d8]} Bg5+ 66. Kf5 ({Don't play} 66. Kxg5 Rxe4 67. Kf6 Rf4+ 68. Ke6 Re4+ 69. Kf6 Rf4+ 70. Kg6 Rg4+ 71. Kh5 Rxg7 $11) 66... Rf1+ 67. Kxg5 {Threatening mate with Bd5+. KRB-KR} Rg1+ 68. Kf6 {[%cal Rd7d8]} ({Much weaker is} 68. Kh6 Rg6+ 69. Kh5 Rg5+ 70. Kh4 (70. Kh6 Rg6+ 71. Kh5 Rg5+ 72. Kh4 Rg4+ 73. Kxg4 $11) 70... Rg4+ 71. Kh5 Rg5+ 72. Kh6 Rg6+ 73. Kh5 Rg5+ $11) 68... Rg6+ 69. Ke5 {Bd5+ would kill now.} Rxg7 70. Rd8+ Kf7 71. Rd6 Ke8 72. Bg6+ Kf8 73. Rf6+ Ke7 74. Rd6 Kf8 75. Kf6 {[%cal Rd6d8]} Rf7+ 76. Kg5 Rc7 77. Re6 Re7 78. Rf6+ Kg7 79. Bf5 Re1 80. Rd6 {Black must now prevent Rd7+.} Rg1+ 81. Kf4 Kf7 82. Ke5 Re1+ 83. Be4 Ke7 84. Rb6 Kd7 85. Rb7+ Ke8 86. Rh7 Re2 87. Kd5 Kf8 88. Bf5 Re7 89. Rh1 Re2 90. Bg4 Re3 91. Kd6 Kf7 92. Rf1+ Kg6 93. Be6 Kg5 94. Ke7 Re4 95. Rf3 Ra4 96. Rg3+ Kf4 97. Rh3 Ra7+ 98. Kf6 Ra5 99. Rh4+ Ke3 100. Bf5 Rb5 {The position is equal.} 101. Kg5 Ra5 102. Re4+ Kf3 103. Rd4 Ra7 104. Rd3+ Kf2 105. Kf4 Rf7 106. Rd2+ Ke1 107. Ra2 {Ke3 is the strong threat.} Kf1 108. Ke4 Kg1 109. Bh3 Rf2 110. Ra1+ Kh2 111. Bf5 Kg3 (111... Kg2 {seems wilder.} 112. Be6 Rf8 113. Ke5 Kg3 114. Ra2 Kh4) 112. Ra3+ Kg2 113. Bg4 Rf8 114. Bf3+ Kg3 115. Bh5+ Kg2 116. Rb3 Kf2 117. Bg6 Kg2 118. Bf5 Kf2 119. Kf4 Rf7 120. Rf3+ Ke2 121. Re3+ Kf2 122. Re5 Rf8 123. Re7 Rb8 124. Rh7 Rf8 125. Rc7 Ke2 126. Rc2+ {Accuracy: White = 61%, Black = 76%.} 1/2-1/2

[Event "49th Rilton Cup 2019-20"]
[Site "Stockholm"]
[Date "2020.01.04"]
[Round "8.3"]
[White "Meshkovs, Nikita"]
[Black "Kulaots, Kaido"]
[Result "1/2-1/2"]
[WhiteElo "2558"]
[BlackElo "2538"]
[Annotator "ChessBase"]
[PlyCount "69"]
[EventDate "2019.12.27"]
[EventType "swiss"]
[EventCountry "SWE"]
[SourceTitle "playchess.com"]
[Source "ChessBase"]
[SourceQuality "1"]
[TimeControl "40/5400+30:1800+30"]

1. Nf3 {[%emt 0:00:00]} g6 {[%emt 0:00:02]} 2. g3 {[%emt 0:02:06]} Bg7 {[%emt 0:00:26]} 3. d4 {[%emt 0:00:12]} d5 {[%emt 0:02:17]} 4. Bg2 {[%emt 0:00:55]} Nf6 {[%emt 0:01:35]} 5. O-O {[%emt 0:00:59]} O-O {[%emt 0:00:10]} 6. Nbd2 {[%emt 0:00:54]} a5 {[%emt 0:03:30]} 7. c4 {[%emt 0:04:51]} c6 {[%emt 0:01:15]} 8. cxd5 {[%emt 0:01:04]} cxd5 {[%emt 0:00:14]} 9. Nb1 {[%emt 0:00:12]} Nc6 {[%emt 0:05:46]} 10. Nc3 {[%emt 0:02:03]} Ne4 {[%emt 0:01:05]} 11. Bf4 {[%emt 0:02:45]} a4 {[%emt 0:09:10]} 12. Nxa4 {[%emt 0:09:35]} Qa5 {[%emt 0:01:02]} 13. b3 {[%emt 0:01:11]} b5 {[%emt 0:06:43]} 14. Rc1 {[%emt 0:03:05]} bxa4 {[%emt 0:11:14]} 15. Rxc6 {[%emt 0:00:16]} axb3 {[%emt 0:01:16]} 16. axb3 {[%emt 0:00:29]} Qb5 {[%emt 0:11:19]} 17. Rc7 {[%emt 0:04:41]} Ra2 {[%emt 0:03:17]} 18. Re1 {[%emt 0:25:32]} Bf5 {[%emt 0:12:27]} 19. Ng5 {[%emt 0:11:08]} Nxg5 {[%emt 0:14:01]} 20. Bxg5 {[%emt 0:00:33]} e6 {[%emt 0:00:19]} 21. Be7 {[%emt 0:09:27]} Re8 {[%emt 0:01:50]} 22. e3 {[%emt 0:03:14]} Rb2 {[%emt 0:07:35]} 23. Qa1 {[%emt 0:07:56]} Rxb3 {[%emt 0:00:17]} 24. Bf1 {[%emt 0:00:45]} Bd3 {[%emt 0:03:14]} 25. Bxd3 {[%emt 0:01:18]} Qxd3 {[%emt 0:00:12]} 26. Rec1 {[%emt 0:00:24]} h5 {[%emt 0:00:45]} 27. Qa4 {[%emt 0:01:56]} Reb8 {[%emt 0:00:59]} 28. Bd6 {[%emt 0:02:27]} Rb1 {[%emt 0:00:41]} 29. Qd7 {[%emt 0:00:37]} Rxc1+ {[%emt 0:00:58]} 30. Rxc1 {[%emt 0:00:06]} Rb1 {[%emt 0:00:21]} 31. Rxb1 {[%emt 0:00:58]} Qxb1+ {[%emt 0:00:05]} 32. Kg2 {[%emt 0:00:04]} Qe4+ {[%emt 0:00:20]} 33. Kg1 {[%emt 0:00:01]} Qb1+ {[%emt 0:00:15]} 34. Kg2 {[%emt 0:00:02]} Qe4+ {[%emt 0:00:10]} 35. Kg1 {[%emt 0:00:04]} 1/2-1/2

[Event "49th Rilton Cup 2019-20"]
[Site "Stockholm"]
[Date "2020.01.04"]
[Round "8.4"]
[White "Gagare, Shardul"]
[Black "Thybo, Jesper Sondergaard"]
[Result "1-0"]
[WhiteElo "2468"]
[BlackElo "2576"]
[Annotator "ChessBase"]
[PlyCount "67"]
[EventDate "2019.12.27"]
[EventType "swiss"]
[EventCountry "SWE"]
[SourceTitle "playchess.com"]
[Source "ChessBase"]
[SourceQuality "1"]
[TimeControl "40/5400+30:1800+30"]

1. e4 {[%emt 0:03:20]} c5 {[%emt 0:00:00]} 2. Nf3 {[%emt 0:00:04]} d6 {[%emt 0:00:00]} 3. Bb5+ {[%emt 0:00:06]} Nd7 {[%emt 0:00:00]} 4. O-O {[%emt 0:00:06]} a6 {[%emt 0:00:00]} 5. Bxd7+ {[%emt 0:00:33]} Bxd7 {[%emt 0:00:05]} 6. d4 {[%emt 0:00:08]} cxd4 {[%emt 0:00:19]} 7. Qxd4 {[%emt 0:00:06]} Nf6 {[%emt 0:00:31]} 8. Bg5 {[%emt 0:00:14]} h6 {[%emt 0:00:26]} 9. Bxf6 {[%emt 0:00:42]} gxf6 {[%emt 0:00:05]} 10. Nc3 {[%emt 0:01:00]} e6 {[%emt 0:00:07]} 11. Qd3 {[%emt 0:00:09]} Rc8 {[%emt 0:05:22]} 12. Nd4 {[%emt 0:06:23]} Qb6 {[%emt 0:03:28]} 13. Rab1 {[%emt 0:15:54]} h5 {[%emt 0:00:40]} 14. Kh1 {[%emt 0:12:11]} Bg7 {[%emt 0:06:55]} 15. Rfd1 {[%emt 0:11:02]} Bh6 {[%emt 0:00:33]} 16. Qg3 {[%emt 0:05:42]} Qc5 {[%emt 0:14:08]} 17. f4 {[%emt 0:11:19]} Kf8 {[%emt 0:33:36]} 18. f5 {[%emt 0:13:02]} Qe5 {[%emt 0:02:52]} 19. Qd3 {[%emt 0:00:39]} b5 {[%emt 0:12:18]} 20. fxe6 {[%emt 0:05:33]} fxe6 {[%emt 0:00:07]} 21. Nf3 {[%emt 0:01:16]} Qc5 {[%emt 0:00:27]} 22. e5 {[%emt 0:00:07]} f5 {[%emt 0:09:29]} 23. Qxd6+ {[%emt 0:00:13]} Qxd6 {[%emt 0:00:04]} 24. Rxd6 {[%emt 0:00:06]} Ke7 {[%emt 0:01:46]} 25. Rbd1 {[%emt 0:00:11]} Rc7 {[%emt 0:00:48]} 26. Nh4 {[%emt 0:00:13]} Rh7 {[%emt 0:03:26]} 27. Nxf5+ {[%emt 0:01:24]} exf5 {[%emt 0:00:11]} 28. Nd5+ {[%emt 0:00:05]} Kd8 {[%emt 0:00:05]} 29. e6 {[%emt 0:04:54]} Ra7 {[%emt 0:01:03]} 30. e7+ {[%emt 0:03:47]} Ke8 {[%emt 0:00:28]} 31. Nf6+ {[%emt 0:01:00]} Kxe7 {[%emt 0:00:07]} 32. Nxh7 {[%emt 0:00:08]} Be6 {[%emt 0:01:33]} 33. Rc6 {[%emt 0:00:46]} Bf4 {[%emt 0:00:32]} 34. Re1 {[%emt 0:00:13]} 1-0